000 00910nam a2200301Ia 4500
003 OSt
005 20221007122604.0
006 a|||||r|||| 00| 0
007 ta
008 221006b |||||||| |||| 00| 0 eng d
020 _a9780470715727 (pbk)
024 _a113762
037 _b3282, 18/10/2010, New India Book Agency
_cTextbook
040 _aPAPL
_cPAPL
_beng
041 _2eng
_aeng
082 _aB7, Q1 Carpa
100 _aMcCall Martin W
_9714622
245 0 _aClassical mechanics
250 _a2
260 _aChichester
_bWiley
_c2011
300 _axiv, 235p.
_ccm.
490 _aFrom Newton to Einstein:a modern introduction
500 _aAppendices 1-3, 217-229p.; Index 230-235p.
650 _a Mechanics
650 _aPhysics
942 _hB7, Q1 Carpa
_cTB
_2CC
999 _c1210622
_d1210622